| 000 | 00647nam a2200169 a 4500 | ||
|---|---|---|---|
| 008 | 150825s1989 ||||||||||||||||| || u | ||
| 020 | _a0805301089 | ||
| 050 | _aQP 34.5 Mat | ||
| 100 | _aMatthai, William C | ||
| 245 | 1 | 0 |
_aHuman anatomy and physiology _cby William C. Matthai and Jerri K. Lindsey |
| 260 |
_aRedwood City _bBenjamin/Cummings _c1989 |
||
| 300 | _a476p. | ||
| 350 | _a0.00 | ||
| 650 | _aHUMAN PHYSIOLOGY--TEST BANK | ||
| 650 | 0 | _aHUMAN PHYSIOLOGY | |
| 995 |
_aMICHAEL CHILUFYA SATA OPEN ACCESS _e903024 _FCBU-SCHOOL OF MEDICINE LIBRARY (Ndola) _jQP 34.5 Mat _M1 _UAVAILABLE _WSep 4, 2015 _y903024 _ZMedical Library Open Access Collection |
||
| 999 |
_c31717 _d31717 |
||